Largest Hispanic Cities - Statistics

General Stats
  • This quiz has been taken 19 times
  • The average score is 39 of 77
Answer Stats
Hint Answer % Correct
4,950,000 Barcelona
93%
12,200,000 Lima
93%
7,000,000 Madrid
93%
25,600,000 Mexico City
93%
2,930,000 Quito
93%
2,480,000 San Jose
93%
10,800,000 Bogota
86%
17,000,000 Buenos Aires
86%
3,880,000 Caracas
86%
6,000,000 Guadalajara
86%
8,600,000 Santiago
86%
1,990,000 Valencia, Spain
86%
2,130,000 Valencia, Venezuela
86%
3,000,000 Cali
79%
3,400,000 Guatemala City
79%
3,430,000 Guayaquil
79%
2,150,000 Havana
79%
4,430,000 Medellin
79%
1,450,000 Panama City
79%
1,310,000 Sevilla
79%
1,240,000 Tegucigalpa
79%
1,830,000 Cordoba
71%
1,890,000 La Paz
71%
6,300,000 Monterrey
71%
1,910,000 San Juan
71%
1,590,000 San Salvador
71%
2,380,000 Asuncion
64%
1,660,000 Ciudad Juarez
64%
1,120,000 Malaga
64%
1,820,000 Montevideo
64%
4,380,000 Puebla
64%
1,530,000 Rosario
64%
3,950,000 Santo Domingo
64%
2,350,000 Tijuana
64%
1,230,000 Arequipa
57%
2,430,000 Barranquilla
57%
1,140,000 Cancun
57%
1,420,000 Managua
57%
1,190,000 Mendoza
57%
1,990,000 Santa Cruz
57%
1,420,000 Merida
43%
4,790,000 Miami
43%
1,570,000 San Antonio
43%
1,090,000 Chihuahua
36%
3,400,000 Dallas
36%
3,400,000 Houston
36%
1,010,000 Houston
36%
2,350,000 Leon
36%
8,160,000 Los Angeles
36%
3,440,000 Manila
36%
1,360,000 San Pedro Sula
36%
1,270,000 Cartagena
29%
6,440,000 New York City
29%
1,040,000 San Diego
29%
1,230,000 San Francisco
29%
1,440,000 San Luis Potosi
29%
1,460,000 Torreon
29%
1,280,000 Aguascalientes
21%
1,490,000 Boston
21%
2,150,000 Phoenix
21%
1,810,000 Queretaro
21%
2,780,000 Toluca
21%
1,050,000 Washington DC
21%
1,370,000 Barquisimeto
14%
2,910,000 Chicago
14%
1,160,000 Cucuta
14%
1,500,000 Maracay
14%
1,430,00 Orlando
14%
1,160,000 Saltillo
14%
1,340,000 Tampa
14%
1,400,000 Bucaramanga
7%
1,240,000 Cuernavaca
7%
1,340,000 Denver
7%
1,070,000 Morelia
7%
1,120,000 Tucuman
7%
1,020,000 Culiacan
0%
1,260,000 Philadelphia
0%
No matching quizzes found
Score Distribution
Percent of People with Each Score
Percentile by Number Answered
Your Score History
You have not taken this quiz